000 00302nam a22001337a 4500
008 171006b xxu||||| |||| 00| 0 eng d
020 _a9781433801280
041 _aeng
080 _a159.9
100 _a49
101 _apsi
245 _aGRADUATE STUDY IN PSYCHOLOGY
_cJAMES.P
942 _2udc
_cBK
999 _c32196
_d32196